El príncipe: comentado por Napoleón Bonaparte

Guardat en:
Dades bibliogràfiques
Autor principal: Maquiavelo, Nicolás (autor)
Format: Llibre
Idioma:espanyol
Publicat: Madrid Espasa-Calpe S. A 2007
Edició:2a. ed
Col·lecció:Ciencias y Humanidades, 215
Matèries:
Etiquetes: Afegir etiqueta
Sense etiquetes, Sigues el primer a etiquetar aquest registre!

MARC

LEADER 00000cam a2200000 a 4500
001 UCD4572
003 CL-VaPUC
008 160713e20070000sp |||||||||||||||||spa|d
020 |a 8467021845 
082 0 4 |a 320.01  |b MAQ  |2 21 
100 |a Maquiavelo, Nicolás  |e autor  |9 498654 
245 1 3 |a El príncipe: comentado por Napoleón Bonaparte 
250 |a 2a. ed 
300 |a 252 p 
942 |c BK 
945 |d 20160713 20:53:00  |a dcastane 
260 |a Madrid  |b Espasa-Calpe S. A  |c 2007 
650 7 |a FILOSOFIA POLITICA  |2 CL-VaPUC  |9 588294 
650 0 |a Ciencias Políticas  |9 255201 
650 0 |a Etica política   |9 255799 
583 |a last modification  |c 20160713 20:53:00  |k Rodrigo Vera 
490 0 |a Ciencias y Humanidades, 215 
999 |c 365457  |d 365455 
952 |0 0  |1 0  |3 erb  |4 0  |6 320_010000000000000_MAQ_2007  |7 0  |8 A  |9 479321  |a FDOHBE  |b FDOHBE  |e Huesbe Llanos, Marco Antonio, 1934-  |i 5331439  |o 320.01 MAQ 2007  |p 5331439  |r 2024-01-30  |w 2019-11-24  |y BK  |z Catalogado en:20160713  |k HBE